000 00292pab a2200133 454500
008 180718b1995 xxu||||| |||| 00| 0 eng d
245 _aDISABILITY
260 _c1995
300 _ap.1-64
362 _aNov-Dec
650 _aHandicapped
773 _aHealth for the Millions
909 _a30759
999 _c30759
_d30759